| 000 | 00636nam a22002057a 4500 | ||
|---|---|---|---|
| 005 | 20180905143338.0 | ||
| 010 | _aENG-124110 | ||
| 020 |
_a9788178243979 _c1095.00 |
||
| 035 | _aEN-107642 | ||
| 037 | _bDBAD/PUB | ||
| 082 | _a954.0 | ||
| 100 | _aThapar, Romila | ||
| 245 |
_aThe past before us: _cby Romila Thapar _bhistorical traditions of early north india / |
||
| 250 | _a3rd ed. | ||
| 260 |
_aRanikhet _bPermanent Black _c2016 |
||
| 270 |
_aHimalayana, Mall Road, Ranikhet Cantt. _bRanikhet _e263645 |
||
| 300 | v |
_axvii,758p. _c21cm(pbk) |
|
| 500 | _aIt includes bibliography and index | ||
| 942 |
_2ddc _cEN _m954.01 _hTHA |
||
| 999 |
_c156983 _d156983 |
||